Developing guidelines for the selection of designers and contractors under the Construction (Design and Management) Regulations 1994 (Record no. 106094)

MARC details
000 -LEADER
fixed length control field 01363cam a2200229 4500
001 - CONTROL NUMBER
control field ##L135541
008 - FIXED-LENGTH DATA ELEMENTS--GENERAL INFORMATION
fixed length control field 061106n2006 000 0 eng u
035 ## - SYSTEM CONTROL NUMBER
System control number (Sirsi) u135541
041 0# - LANGUAGE CODE
Language code of text/sound track or separate title eng
050 04 - LIBRARY OF CONGRESS CALL NUMBER
Classification number 690.22 $2 18
100 1# - MAIN ENTRY--PERSONAL NAME
Personal name Carpenter, John
245 00 - TITLE STATEMENT
Title Developing guidelines for the selection of designers and contractors under the Construction (Design and Management) Regulations 1994
260 ## - PUBLICATION, DISTRIBUTION, ETC.
Place of publication, distribution, etc. Sudbury
Name of publisher, distributor, etc. HSE
Date of publication, distribution, etc. 2006
490 #0 - SERIES STATEMENT
Series statement HSE Research Report
Volume/sequential designation 422
520 ## - SUMMARY, ETC.
Summary, etc. Examines the application of the Construction (Design and Management) Regulations 1994 Regs 8 and 9 and of the proposed Construction (Design and Management) Regulations 2006 Regs 4 and 7. These Regulations require contractors, designers and co-ordinators to be competent and adequately resourced. Suggests a standardised approach so as to avoid uncertainty in the definition of competence and resource, and promotes a means of avoiding unnecessary repetition in requests for demonstration of competence.
650 24 - SUBJECT ADDED ENTRY--TOPICAL TERM
Topical term or geographic name entry element CONSTRUCTION (DESIGN AND MANAGEMENT) REGULATIONS 1994
650 24 - SUBJECT ADDED ENTRY--TOPICAL TERM
Topical term or geographic name entry element CONSTRUCTION (DESIGN AND MANAGEMENT) REGULATIONS 2006
690 ## - LOCAL SUBJECT ADDED ENTRY--TOPICAL TERM (OCLC, RLIN)
Topical term or geographic name as entry element Health and safety
9 (RLIN) 6244
710 1# - ADDED ENTRY--CORPORATE NAME
Corporate name or jurisdiction name as entry element Great Britain
Subordinate unit Health and Safety Executive
856 40 - ELECTRONIC LOCATION AND ACCESS
Uniform Resource Identifier <a href="https://www.hse.gov.uk/RESEARCH/rrhtm/rr422.htm">https://www.hse.gov.uk/RESEARCH/rrhtm/rr422.htm</a>
Public note View the report free of charge at www.hse.gov.uk...
942 ## - ADDED ENTRY ELEMENTS (KOHA)
Suppress in OPAC 0
Holdings
Withdrawn status Lost status Source of classification or shelving scheme Damaged status Not for loan Home library Current library Shelving location Date acquired Total Checkouts Full call number Barcode Date last seen Copy number Price effective from Koha item type
    Dewey Decimal Classification     Virtual Virtual Online 06/11/2006   ONLINE PUBLICATION 135541-2001 06/08/2019 1 06/08/2019 Book